| 000 | 00820nas a2200265 4500 | ||
|---|---|---|---|
| 001 | BR9213162 | ||
| 003 | BR-BrBNA | ||
| 005 | 20231205095231.0 | ||
| 007 | ta | ||
| 008 | 230509b bl.|||p| |||| 00| 00por d | ||
| 040 |
_aBR-BrBNA _bpor _cBiblioteca Nacional de Agricultura |
||
| 041 | _a(Pt) | ||
| 072 | _aF70 | ||
| 100 | 1 | _aMakino, H. | |
| 245 | 1 | _aFlora polinica da Reserva do Parque Estadual das Fontes do Ipiranga, Sao Paulo, Brasil. Familias: 97-Opiliaceae, 100-Balanophoraceae, 133-Gentianaceae | |
| 650 | _aFlora | ||
| 650 | _aOpiliaceae | ||
| 650 | _aBalanophoraceae | ||
| 650 | _aGentianaceae | ||
| 650 | _aPolen | ||
| 650 | _aSao Paulo | ||
| 773 | 0 |
_tHoehnea (Brazil) _xISSN 0073-0912 _g(Jun 1991), v. 18(1) p. 43-48 _wBR9213162 |
|
| 909 |
_a202311 _bLúcia _c55 _dLúcia Elande |
||
| 942 |
_2AGRIS _n0 _cANA |
||
| 999 |
_c149504 _d149504 |
||